| 000 | 00536nam a2200169 a 4500 | ||
|---|---|---|---|
| 001 | 000041598 | ||
| 005 | 20201002035647.0 | ||
| 008 | 131011s1977 sp 000 0 spa d | ||
| 020 | _a8400036182 | ||
| 040 |
_aDO-SdBNP _bspa _cBNPHU |
||
| 100 | 1 |
_aOtón Sobrino, Enriquez _968370 |
|
| 245 | 1 | 0 |
_aLéxico de Valerio Máximo / _cEnrique Otón Sobrino. |
| 260 |
_aMadrid : _bCSIC, _c1977. |
||
| 300 |
_aV. ; _c24 cm. |
||
| 500 | _aLa biblioteca posee el v. 1,2,4 | ||
| 710 | 2 |
_aConsejo Superior de Investigación Científicas (España) _964047 |
|
| 999 |
_c41088 _d41088 |
||